LEADER 00835nam0-2200289 --450 001 9910729700203321 005 20240122104946.0 020 $aIT$b61132 100 $a20230703d1961----kmuy0itay5050 ba 101 0 $aita 102 $aIT 105 $a 001yy 200 1 $a<>senso della storia nel pensiero cristiano$fJacques Leclercq 205 $a2. ed 210 $aMilano$cVita e pensiero$d1961 215 $a125 p.$d20 cm 610 0 $aStoria$aConcezione cristiana 676 $a261.6$v16 700 1$aLeclercq,$bJacques$f<1891-1971>$0159433 702 1$aMartinelli,$bAnna Maria 801 0$aIT$bUNINA$gREICAT$2UNIMARC 901 $aBK 912 $a9910729700203321 952 $aDFT A80 LECJ 01$b2023/1849$fFLFBC 959 $aFLFBC 996 $aSenso della storia nel pensiero cristiano$9915061 997 $aUNINA LEADER 03469nam 22009013 450 001 9910978231803321 005 20250714142012.0 010 $a9783839475607 010 $a3839475600 024 7 $a10.1515/9783839475607 035 $a(CKB)37515732200041 035 $a(MiAaPQ)EBC31953931 035 $a(Au-PeEL)EBL31953931 035 $a(DE-B1597)735524 035 $a(DE-B1597)9783839475607 035 $a(OCoLC)1507831330$z(OCoLC)1507696001 035 $a(ScCtBLL)b79be28f-1d9b-45c3-a90d-615685d8f933 035 $a(EXLCZ)9937515732200041 100 $a20250313d2025 uy 0 101 0 $ager 135 $aur||||||||||| 181 $ctxt$2rdacontent 182 $cc$2rdamedia 183 $acr$2rdacarrier 200 10$aVon lügenpresse und Abgehobenen Eliten $eJournalismus- und Demokratievertrauen in Sachsen 205 $a1st ed. 210 1$aBielefeld :$ctranscript Verlag,$d2025. 210 4$d©2025. 215 $a1 online resource (331 pages) 225 0 $aEdition Politik ;$v175 311 08$a9783837675603 311 08$a3837675602 327 $tFrontmatter --$tInhalt --$t1. Einleitung --$t2. Vertrauensforschung --$t3. Sachsen als Untersuchungsregion --$t4. Methodisches Vorgehen --$t5. Ergebnisse --$t6. Fazit --$tLiteraturverzeichnis --$tAnhang --$tAutorin und Autoren 330 $aSachsen ist ein Hotspot der Medienskepsis und der Zustimmung zum Rechtspopulismus. Die Autorin und Autoren geben durch 61 Tiefeninterviews mit Angehörigen verschiedenster Milieus Einblicke in die Ursachen der Entfremdung von Journalismus und Politik. Sie rekonstruieren subjektive Sinnwelten, die häufig von Distanz zu Institutionen und Eliten geprägt sind. Man leidet an einem moralisch aufgeladenen Diskurs-Mainstream, der bei wichtigen Themen wie Corona, Migration, Klima oder Russland nicht die eigene Haltung widerspiegelt und als gesteuerte Propaganda wahrgenommen wird. Die Vorschläge der Befragten zur Veränderung der Situation beziehen sich häufig auf die Demokratie als Ganzes und bieten die Grundlage für einen neuen Dialog. 606 $aPOLITICAL SCIENCE / Civics & Citizenship$2bisacsh 610 $aAlienation. 610 $aCivil Society. 610 $aClimate. 610 $aCorona. 610 $aDemocracy. 610 $aDemokratie. 610 $aEntfremdung. 610 $aJournalism. 610 $aJournalismus. 610 $aKlima. 610 $aLying Press. 610 $aLügenpresse. 610 $aMedia Scepticism. 610 $aMedia. 610 $aMedien. 610 $aMedienskepsis. 610 $aMigration. 610 $aPolitical Science. 610 $aPolitical Sociology. 610 $aPolitics. 610 $aPolitik. 610 $aPolitikwissenschaft. 610 $aPolitische Soziologie. 610 $aSachsen. 610 $aSaxony. 610 $aTrust. 610 $aUkraine. 610 $aVertrauen. 610 $aZivilgesellschaft. 615 7$aPOLITICAL SCIENCE / Civics & Citizenship. 686 $aAP 19188$qDE-2620/25$2rvk 700 $aKretzschmar$b Judith$01792082 701 $aBeiler$b Markus$01792083 701 $aKru?ger$b Uwe$00 701 $aDöring$b Florian$01792084 701 $aArndt$b Maria$01782233 801 0$bMiAaPQ 801 1$bMiAaPQ 801 2$bMiAaPQ 906 $aBOOK 912 $a9910978231803321 996 $aVon lügenpresse und Abgehobenen Eliten$94330188 997 $aUNINA